Синтез метил-трет-амилового эфира в присуствии волокнистого сульфокатионита; Нефтехимия; Т. 42, № 1

Dades bibliogràfiques
Parent link:Нефтехимия: научный журнал/ Российская академия наук (РАН).— , 1963-.— 0028-2421
Т. 42, № 1.— 2002.— С. 28-31
Autor corporatiu: Институт физико-органической химии
Altres autors: Черчес Б. Х., Коваленко М. А., Шункевич А. А., Солдатов В. С., Егиазаров Ю. Г.
Idioma:rus
Publicat: 2002
Matèries:
Format: MixedMaterials Capítol de llibre
KOHA link:https://koha.lib.tpu.ru/cgi-bin/koha/opac-detail.pl?biblionumber=381235

MARC

LEADER 00000naa2a2200000 4500
001 381235
005 20231101062811.0
035 |a (RuTPU)RU\TPU\prd\3462 
090 |a 381235 
100 |a 20020425a2002 k y0rusy50 ca 
101 0 |a rus 
102 |a RU 
200 1 |a Синтез метил-трет-амилового эфира в присуствии волокнистого сульфокатионита  |f Б. Х. Черчес, М. А. Коваленко, А. А. Шункевич, В. С. Солдатов, Ю. Г. Егиазаров  |g Институт физико-органической химии 
320 |a Библиогр.: 10 назв. 
461 1 |0 (RuTPU)RU\TPU\prd\1600  |x 0028-2421  |t Нефтехимия  |o научный журнал  |f Российская академия наук (РАН)  |d 1963- 
463 1 |0 (RuTPU)RU\TPU\prd\2556  |t Т. 42, № 1  |v С. 28-31  |d 2002 
610 1 |a волокнистый сульфокатионит 
610 1 |a метил-трет-амиловый эфир 
610 1 |a синтез 
610 1 |a катализаторы 
675 |a 66.095.14:541.183.12  |v 3 
701 1 |a Черчес  |b Б. Х. 
701 1 |a Коваленко  |b М. А. 
701 1 |a Шункевич  |b А. А. 
701 1 |a Солдатов  |b В. С. 
701 1 |a Егиазаров  |b Ю. Г. 
712 0 2 |a Институт физико-органической химии  |e Беларусь, Минск 
801 1 |a RU  |b 63413507  |c 20020425  |g PSBO 
801 2 |a RU  |b 63413507  |c 20130723  |g PSBO 
942 |c BK